000
00307nam a22001337a 4500
008
170404b xxu||||| |||| 00| 0 eng d
020
_a
0835956229
041
_a
eng
080
_a
514
100
_a
9
101
_a
SHM
245
_a
FUNDICTION MANAGEMENT OF CULTIVATED FORAGES
_c
WALTON.P.D
942
_2
udc
_c
BK
999
_c
9630
_d
9630